000 01711nam a2200397 a 4500
001 ebr10575530
003 CaPaEBR
006 m u
007 cr cn|||||||||
008 800814s1980 ne ad sb 101 0 eng d
010 _z 80023631
020 _z0444901582 (Elsevier/North Holland)
020 _z9021940833
020 _z9780470663882
020 _z9780470718285 (e-book)
040 _aCaPaEBR
_cCaPaEBR
035 _a(OCoLC)802050118
050 1 4 _aRG626
_b.S92 1979eb
082 0 4 _a618.3/2
_219
111 2 _aSymposium on Perinatal Infections
_d(1979 :
_cCiba Foundation)
245 1 0 _aPerinatal infections
_h[electronic resource].
260 _aAmsterdam ;
_aNew York :
_bExcerpta Melica ;
_aNew York :
_bElsevier/North Holland,
_c1980.
300 _axi, 292 p. :
_bill.
490 1 _aCiba Foundation symposium (new series) ;
_v77
500 _a"Symposium on Perinatal Infections held at the Ciba Foundation, London, 27th-29th November 1979"--Participants page.
504 _aIncludes bibliographical references and indexes.
533 _aElectronic reproduction.
_bPalo Alto, Calif. :
_cebrary,
_d2011.
_nAvailable via World Wide Web.
_nAccess may be limited to ebrary affiliated libraries.
650 0 _aFetus
_xDiseases
_vCongresses.
650 0 _aCommunicable diseases in pregnancy
_vCongresses.
650 0 _aCommunicable diseases in newborn infants
_vCongresses.
650 0 _aNeonatal infections
_vCongresses.
655 7 _aElectronic books.
_2local
710 2 _aebrary, Inc.
830 0 _aCiba Foundation symposium ;
_vnew ser. 77.
856 4 0 _uhttp://site.ebrary.com/lib/rucke/Doc?id=10575530
_zAn electronic book accessible through the World Wide Web; click to view
999 _c181680
_d181680